000 00865nam0a22002651 4500
001 rc\1127020
005 20250622185810.0
035 _a(NLR Aleph) 006369089
090 _a4978660
_c4978660
100 _a20041126d1981 |||y0rusy50 ca
101 0 _arus
102 _aRU
105 _aa |||||||||
200 1 _aРаспространение волны горения при гетерогенной реакции
210 _aЧерноголовка
_cИХФ
_d1981
215 _a12 с.
_cил.
_d21
225 1 _aПрепринт
_fАН СССР, Отд-ние Ин-та хим. физики
320 _aБиблиогр.: с. 12
700 1 _aРыбанин
_bС.С.
_gСергей Сергеевич
701 1 _aСоболев
_bС.Л.
801 0 _aRU
_bNLR
_gpsbo
801 1 _aRU
_bELAR
_2rusmarc
852 _aNLR
_j81-6/6010
942 _cBOOK
980 _aNB